| 000 | 01237nac a22003977a 4500 | ||
|---|---|---|---|
| 001 | BR0804907 | ||
| 003 | BR-BrBNA | ||
| 005 | 20240105123616.0 | ||
| 008 | 230509b bl.|||m| |||| 00| 0 por d | ||
| 040 |
_aBR-BrBNA _bpor _cBiblioteca Nacional de Agricultura |
||
| 072 | _aP32; P33 | ||
| 090 | _aP32 BR0804907 | ||
| 100 | 1 | _aRego, R.S. | |
| 100 | 1 | _aRodrigues, T.E. | |
| 100 | 1 | _aGama, J.R.N.F. | |
| 100 | 1 | _aLima, A.A.C. | |
| 100 | 1 | _aSilva, J.M.L. da | |
| 100 | 1 | _aBarreto, W. de O. | |
| 110 | 1 | _aEMBRAPA Amazônia Oriental, Belém, PA (Brasil) | |
| 245 | 1 | _aCaracterização e classificação dos solos do Campo Experimental Monte Cristo, da EMBRAPA Rorima, Boa Vista-Estado de Roraima | |
| 260 | 3 |
_aBelém, PA (Brasil): _c2000. |
|
| 300 | _a41 p. | ||
| 490 |
_aDocumentos - EMBRAPA Amazônia Oriental (Brazil) _vno. 58 _xISSN 1517-2201 |
||
| 500 | _a7 tables; 23 ref. | ||
| 650 | _aSOLO | ||
| 650 | _aLATOSSOLO | ||
| 650 | _aCLASSIFICAÇÃO DO SOLO | ||
| 650 | _aPROPRIEDADE FÍSICO-QUÍMICA | ||
| 650 | _aRECONHECIMENTO DO SOLO | ||
| 650 | _aGEOLOGIA | ||
| 650 | _aCARTOGRAFIA | ||
| 650 | _aCLIMA | ||
| 650 | _aRORAIMA | ||
| 909 |
_a202312 _bLúcia Elande _c55 _dLúcia Elande |
||
| 942 |
_2AGRIS _n0 _cMS |
||
| 999 |
_c296203 _d296203 |
||